MARC details
| 000 -LEADER |
| fixed length control field |
02109cam a22004215a 4500 |
| 001 - CONTROL NUMBER |
| control field |
ssj0001562361 |
| 003 - CONTROL NUMBER IDENTIFIER |
| control field |
OSt |
| 005 - DATE AND TIME OF LATEST TRANSACTION |
| control field |
20161024110741.0 |
| 008 - FIXED-LENGTH DATA ELEMENTS--GENERAL INFORMATION |
| fixed length control field |
150305s2015 enka frb 001 0 eng d |
| 020 ## - INTERNATIONAL STANDARD BOOK NUMBER |
| International Standard Book Number |
9780470745243 |
| 020 ## - INTERNATIONAL STANDARD BOOK NUMBER |
| International Standard Book Number |
9780470662502 (e-book) |
| 040 ## - CATALOGING SOURCE |
| Original cataloging agency |
CaPaEBR |
| Language of cataloging |
eng |
| Description conventions |
pn |
| Transcribing agency |
CaPaEBR |
| Modifying agency |
WaSeSS |
| -- |
EG-ScBUE |
| 082 04 - DEWEY DECIMAL CLASSIFICATION NUMBER |
| Classification number |
332.644 |
| Item number |
HAN |
| Edition number |
22 |
| 245 00 - TITLE STATEMENT |
| Title |
Handbook of multi-commodity markets and products : |
| Remainder of title |
structuring, trading and risk management / |
| Statement of responsibility, etc |
edited by Andrea Roncoroni, Gianluca Fusai, Mark Cummins. |
| 260 ## - PUBLICATION, DISTRIBUTION, ETC. (IMPRINT) |
| Place of publication, distribution, etc |
Chichester : |
| Name of publisher, distributor, etc |
John Wiley & Sons Ltd, |
| Date of publication, distribution, etc |
c. 2015. |
| 300 ## - PHYSICAL DESCRIPTION |
| Extent |
xxvii, 1036 p. : |
| Other physical details |
ill. (some col.) ; |
| Dimensions |
24 cm. |
| 490 0# - Series Statement |
| Series statement |
Wiley Finance Series |
| 500 ## - GENERAL NOTE |
| General note |
Includes index. |
| 504 ## - BIBLIOGRAPHY, ETC. NOTE |
| Bibliography, etc |
Includes bibliographical references.<br/> |
| 506 ## - RESTRICTIONS ON ACCESS NOTE |
| Terms governing access |
Available on campus and off campus with authorized login. |
| 590 ## - LOCAL NOTE (RLIN) |
| Local note |
shima |
| 650 #7 - SUBJECT ADDED ENTRY--TOPICAL TERM |
| Topical term or geographic name as entry element |
Commodity exchanges. |
| Source of heading or term |
BUEsh |
| 9 (RLIN) |
35035 |
| 651 ## - SUBJECT ADDED ENTRY--GEOGRAPHIC NAME |
| Source of heading or term |
BUEsh |
| 653 ## - INDEX TERM--UNCONTROLLED |
| Resource For college |
BAEPS, Business Administration |
| Arrived date list |
October2016 |
| 700 1# - ADDED ENTRY--PERSONAL NAME |
| Personal name |
Roncoroni, Andrea, |
| Relator term |
editor. |
| 700 1# - ADDED ENTRY--PERSONAL NAME |
| Personal name |
Fusai, Gianluca, |
| Relator term |
editor. |
| 700 1# - ADDED ENTRY--PERSONAL NAME |
| Personal name |
Cummins, Mark, |
| Dates associated with a name |
1968- |
| Relator term |
editor. |
| 700 1# - ADDED ENTRY--PERSONAL NAME |
| Personal name |
Ballotta, Laura. |
| 776 08 - ADDITIONAL PHYSICAL FORM ENTRY |
| Display text |
Print version: |
| Title |
Handbook of multi-commodity markets and products : structuring, trading and risk management. |
| Place, publisher, and date of publication |
Chichester, England : Wiley, c2015 |
| Physical description |
xxviii, 1036 pages |
| Series data for related item |
Wiley finance series. |
| International Standard Book Number |
9780470745243 |
| 797 2# - LOCAL ADDED ENTRY--CORPORATE NAME (RLIN) |
| Corporate name or jurisdiction name as entry element |
ebrary. |
| 856 40 - ELECTRONIC LOCATION AND ACCESS |
| Host name |
SOUTHEAST |
| Uniform Resource Identifier |
<a href="http://BZ6FJ9FL8E.search.serialssolutions.com/?V=1.0&L=BZ6FJ9FL8E&S=JCs&C=TC0001562361&T=marc">http://BZ6FJ9FL8E.search.serialssolutions.com/?V=1.0&L=BZ6FJ9FL8E&S=JCs&C=TC0001562361&T=marc</a> |
| 856 40 - ELECTRONIC LOCATION AND ACCESS |
| Host name |
BLOOMINGTON |
| Uniform Resource Identifier |
<a href="http://KG6EK7CQ2B.search.serialssolutions.com/?V=1.0&L=KG6EK7CQ2B&S=JCs&C=TC0001562361&T=marc">http://KG6EK7CQ2B.search.serialssolutions.com/?V=1.0&L=KG6EK7CQ2B&S=JCs&C=TC0001562361&T=marc</a> |
| 856 40 - ELECTRONIC LOCATION AND ACCESS |
| Host name |
EAST |
| Uniform Resource Identifier |
<a href="http://MN3KU4AR6Y.search.serialssolutions.com/?V=1.0&L=MN3KU4AR6Y&S=JCs&C=TC0001562361&T=marc">http://MN3KU4AR6Y.search.serialssolutions.com/?V=1.0&L=MN3KU4AR6Y&S=JCs&C=TC0001562361&T=marc</a> |
| 856 40 - ELECTRONIC LOCATION AND ACCESS |
| Host name |
IUPUI |
| Uniform Resource Identifier |
<a href="http://RX8KL6YF4X.search.serialssolutions.com/?V=1.0&L=RX8KL6YF4X&S=JCs&C=TC0001562361&T=marc">http://RX8KL6YF4X.search.serialssolutions.com/?V=1.0&L=RX8KL6YF4X&S=JCs&C=TC0001562361&T=marc</a> |
| 856 40 - ELECTRONIC LOCATION AND ACCESS |
| Host name |
KOKOMO |
| Uniform Resource Identifier |
<a href="http://TE6UZ4HK6Z.search.serialssolutions.com/?V=1.0&L=TE6UZ4HK6Z&S=JCs&C=TC0001562361&T=marc">http://TE6UZ4HK6Z.search.serialssolutions.com/?V=1.0&L=TE6UZ4HK6Z&S=JCs&C=TC0001562361&T=marc</a> |
| 856 40 - ELECTRONIC LOCATION AND ACCESS |
| Host name |
COLUMBUS |
| Uniform Resource Identifier |
<a href="http://RX8KL6YF4X.search.serialssolutions.com/?V=1.0&L=RX8KL6YF4X&S=JCs&C=TC0001562361&T=marc">http://RX8KL6YF4X.search.serialssolutions.com/?V=1.0&L=RX8KL6YF4X&S=JCs&C=TC0001562361&T=marc</a> |
| 942 ## - ADDED ENTRY ELEMENTS (KOHA) |
| Source of classification or shelving scheme |
Dewey Decimal Classification |